Tempat peranginan Bukit Larut, masalah dan cara mengatasinya /

Bibliographic Details
Format: Book
Published: Sg. Petani: INTAN, 1989.
Series:Kursus Sijil Pengurusan Awam ( 27 Mei - 24 Ogos, 1989)
Subjects:
LEADER 00511cam a2200169 7i4500
001 0000042308
005 20151104090000.0
005 ##20151104152900.0
002 ##000002512
003 ##MY-KlINT
008 151104 00010 eng
039 # 9 |y 201511041529  |z VLOAD 
245 0 0 |a Tempat peranginan Bukit Larut, masalah dan cara mengatasinya /   |c Mohamad Fadzil Hj. Mustafa.. 
260 # # |a Sg. Petani:   |b INTAN,   |c 1989. 
300 # # |a 21 p.. 
490 0 # |a Kursus Sijil Pengurusan Awam ( 27 Mei - 24 Ogos, 1989) 
650 # 0 |a Public Service